Programa económico a medio plazo 1984-87 / (Record no. 122843)
[ view plain ]
| 000 -LEADER | |
|---|---|
| campo de control de longitud fija | 00831nam a2200181 4500 |
| 001 - NÚMERO DE CONTROL | |
| campo de control | 122843 |
| 003 - IDENTIFICADOR DE NÚMERO DE CONTROL | |
| campo de control | ES-MaACL |
| 007 - CAMPO FIJO DE DESCRIPCIÓN FÍSICA--INFORMACIÓN GENERAL | |
| campo de control de longitud fija | t| |
| 008 - DATOS DE LONGITUD FIJA--INFORMACIÓN GENERAL | |
| campo de control de longitud fija | 070214m19841985sp r ||||0| spa d |
| 110 2# - ENTRADA PRINCIPAL--NOMBRE DE ENTIDAD CORPORATIVA | |
| Nombre de entidad corporativa o nombre de jurisdicción como elemento de entrada | España. |
| Unidad subordinada | Secretaría General de Economía y Planificación. |
| 9 (RLIN) | 3970 |
| 245 10 - MENCIÓN DEL TÍTULO | |
| Título | Programa económico a medio plazo 1984-87 / |
| Mención de responsabilidad, etc. | [Ministerio de Economía y Hacienda, Secretaría General de Economía y Planificación]. |
| 260 ## - PUBLICACIÓN, DISTRIBUCIÓN, ETC. | |
| Lugar de publicación, distribución, etc. | Madrid : |
| Nombre del editor, distribuidor, etc. | Ministerio de Economía y Hacienda, |
| Fecha de publicación, distribución, etc. | 1984-85. |
| 300 ## - DESCRIPCIÓN FÍSICA | |
| Extensión | 2 v ; |
| Dimensiones | 30 cm. |
| 505 8# - NOTA DE CONTENIDO CON FORMATO | |
| Nota de contenido con formato | Contiene: v. I.: Evolución general y proyecciones de la economía española --- v. II: Reformas estructurales e institucionales |
| 740 0# - ENTRADA AGREGADA--TÍTULO RELACIONADO/ANALÍTICO NO CONTROLADO | |
| Título relacionado o analítico no controlado | Evolución general y proyecciones de la economía española. |
| 740 0# - ENTRADA AGREGADA--TÍTULO RELACIONADO/ANALÍTICO NO CONTROLADO | |
| Título relacionado o analítico no controlado | Reformas estructurales e institucionales. |
| 852 ## - LOCALIZACIÓN | |
| Ubicación | ES-MaACL |
| Número de control de estantería | L-6324-5 |
| Sublocalización o colección | R.107050 |
| Estatus retirado | Estado de pérdida | Estado de daño | No para préstamo | Biblioteca de origen | Biblioteca actual | Ubicación en estantería | Fecha de adquisición | Fuente de adquisición | Total de préstamos | Signatura topográfica completa | Código de barras | Visto por última vez | Precio de reemplazo | Tipo de ítem Koha |
|---|---|---|---|---|---|---|---|---|---|---|---|---|---|---|
| Biblioteca del Ateneo de Madrid | Biblioteca del Ateneo de Madrid | Depósito 2 | 17/01/2008 | L-6324-5 | 1128000 | 23/02/2023 | 23/02/2023 | Libro impreso |
